00677nam a2200193 a 450000100100000000500170001000800410002702000150006804000250008308200140010810000270012224000390014924500640018826000310025230000360028370000350031995201120035499900170046600003706420200930080122.0120209s1986 mx 000 0 spa d a9681809548 aDO-SdBNPbspacBNPHU axxxxbE811 aEston, Jeanette96347410aAmeca´s own Mark TwainlEspañol10aMark Twain y su mundo /cJeanette Eaton ; Adrés M. Mateo. aMéxico :bLimusa,c1986. a269 p. :bils., retr. ;c21 cm.1 aMateo, Adrés M.,etr.963475 001050718MOaGRbGRcCTd2012-02-09iLF1l0oxxxx E81p37064-10r2020-06-25w2020-06-25y1ZNo se presta c36554d36554